Visualizzazione normale
Vista MARC
- Bassi M.
di Personal Name
Records bibliografici associati: 1
001 - CONTROL NUMBER
- control field: 22579
003 - CONTROL NUMBER IDENTIFIER
- control field: IT-RoPau
005 - DATE AND TIME OF LATEST TRANSACTION
- control field: 20140428114740.0
008 - FIXED-LENGTH DATA ELEMENTS
- fixed length control field: 140428|| aca||aabn | a|a d
040 ## - CATALOGING SOURCE
- Original cataloging agency: IT-RoPau
- Transcribing agency: IT-RoPau
100 ## - HEADING--PERSONAL NAME
- Personal name: Bassi M.
- Relator term: Autore
- Miscellaneous information: Codice autore SPICS: 26718
- Name of part/section of a work: Il castello dei ma
670 ## - SOURCE DATA FOUND
- Source citation: Work cat.: (IT-RoPau)101938: Piferi R. 22571, Parlare con i limoni